[Event "Geraardsbergen op 35th"]
[Site "Geraardsbergen"]
[Date "2019.08.17"]
[Round "7"]
[White "Passchyn, Maarten"]
[Black "Schalkx, Johnny"]
[Result "0-1"]
[WhiteElo "1945"]
[BlackElo "2157"]
[PlyCount "55"]
[EventDate "2019.08.14"]
[EventType "swiss"]
[EventRounds "9"]
[EventCountry "BEL"]
[SourceTitle "CBM 191 Extra"]
[Source "ChessBase"]
[SourceDate "2019.09.30"]
[SourceVersion "1"]
[SourceVersionDate "2019.09.30"]
[SourceQuality "1"]

1. e4 Nf6 2. e5 Nd5 3. d4 d6 4. Bc4 Nb6 5. Bb3 Bf5 6. Nf3 e6 7. 0-0 a5 8. c3 Be7 9. Re1 0-0 10. Nbd2 Nc6 11. exd6 cxd6 12. Ne4 d5 13. Ng3 Bg6 14. Bf4 Bd6 15. Ne5 Nxe5 16. Bxe5 a4 17. Bc2 Bxe5 18. dxe5 Qc7 19. Bxg6 hxg6 20. a3 Nc4 21. Qe2 Ra5 22. h4 Rb5 23. Rab1 Qb6 24. h5 Nxa3 25. Ra1 Rxb2 26. Qe3 Nc2 27. Qxb6 Rxb6 28. Reb1 0-1

[Event "Maastricht Limburg op-B 8th"]
[Site "Maastricht"]
[Date "2014.06.08"]
[Round "4"]
[White "Koelmans, Jan Willem"]
[Black "Passchyn, Maarten"]
[Result "1/2-1/2"]
[WhiteElo "1948"]
[BlackElo "1936"]
[PlyCount "30"]
[EventDate "2014.06.06"]
[EventType "swiss"]
[EventRounds "7"]
[EventCountry "NED"]
[SourceTitle "EXT 2015"]
[Source "ChessBase"]
[SourceDate "2014.11.20"]
[SourceVersion "1"]
[SourceVersionDate "2014.11.20"]
[SourceQuality "1"]

1. d4 Nf6 2. c4 e6 3. Nc3 Bb4 4. e3 b6 5. Nge2 Ba6 6. a3 Bxc3+ 7. Nxc3 d5 8. b3 0-0 9. Be2 Nc6 10. cxd5 Bxe2 11. Qxe2 Nxd5 12. Qc2 e5 13. dxe5 Nxe5 14. 0-0 Nxc3 15. Qxc3 Qe7 1/2-1/2

[Event "Cappelle op 29th"]
[Site "Cappelle la Grande"]
[Date "2013.03.01"]
[Round "8"]
[White "Hartikainen, Markku"]
[Black "Passchyn, Maarten"]
[Result "1-0"]
[WhiteElo "2348"]
[BlackElo "1931"]
[PlyCount "49"]
[EventDate "2013.02.23"]
[EventType "swiss"]
[EventRounds "9"]
[EventCountry "FRA"]
[SourceTitle "CBM 153 Extra"]
[Source "ChessBase"]
[SourceDate "2013.04.22"]
[SourceVersion "1"]
[SourceVersionDate "2013.04.22"]
[SourceQuality "1"]

1. e4 c5 2. Nf3 e6 3. d4 cxd4 4. Nxd4 Nc6 5. Nc3 Qc7 6. Be2 a6 7. Be3 Nf6 8. a3 b5 9. 0-0 Bb7 10. Nb3 Ne5 11. Bf4 Nf3+ 12. Bxf3 Qxf4 13. Re1 Rc8 14. Qd4 Bd6 15. e5 Qxd4 16. Nxd4 Bxf3 17. Nxf3 Bxa3 18. Rxa3 b4 19. Rxa6 bxc3 20. exf6 cxb2 21. fxg7 Rg8 22. Rb6 Rxc2 23. Rb8+ Ke7 24. Rxg8 Rc1 25. Rb8 1-0

[Event "Cappelle op 29th"]
[Site "Cappelle la Grande"]
[Date "2013.02.23"]
[Round "1"]
[White "Passchyn, Maarten"]
[Black "Carlier, Guillaume"]
[Result "0-1"]
[WhiteElo "1931"]
[BlackElo "2117"]
[PlyCount "58"]
[EventDate "2013.02.23"]
[EventType "swiss"]
[EventRounds "9"]
[EventCountry "FRA"]
[SourceTitle "CBM 153 Extra"]
[Source "ChessBase"]
[SourceDate "2013.04.22"]
[SourceVersion "1"]
[SourceVersionDate "2013.04.22"]
[SourceQuality "1"]

1. e4 c5 2. Nc3 e6 3. f4 d6 4. Nf3 a6 5. a4 Nc6 6. Bc4 Nf6 7. 0-0 Be7 8. Kh1 0-0 9. d3 Qc7 10. Qe1 Nb4 11. Bb3 d5 12. Qe2 d4 13. Nd1 Rd8 14. Nf2 Nd7 15. Ng5 h6 16. Nxf7 Kxf7 17. Qh5+ Kg8 18. Bxe6+ Kh8 19. Bb3 Nf6 20. Qe2 Nh7 21. Bd2 Nc6 22. f5 Bg5 23. Bxg5 Nxg5 24. h4 Nh7 25. Nh3 Qg3 26. Rf4 Ne5 27. Raf1 Nf6 28. Qf2 Nh5 29. Kg1 Nxf4 0-1

[Event "Leuven op 24th"]
[Site "Leuven"]
[Date "2012.11.04"]
[Round "2"]
[White "Froeyman, Helmut"]
[Black "Passchyn, Maarten"]
[Result "1-0"]
[WhiteElo "2310"]
[BlackElo "1931"]
[PlyCount "71"]
[EventDate "2012.11.01"]
[EventType "swiss"]
[EventRounds "7"]
[EventCountry "BEL"]
[SourceTitle "EXT 2013"]
[Source "ChessBase"]
[SourceDate "2012.11.22"]
[SourceVersion "1"]
[SourceVersionDate "2012.11.22"]
[SourceQuality "1"]

1. e4 e6 2. d4 c5 3. Nf3 cxd4 4. Nxd4 Nc6 5. Nc3 a6 6. Be2 Qc7 7. 0-0 Nf6 8. Be3 Be7 9. f4 0-0 10. Kh1 Rd8 11. Bf3 b5 12. e5 Ne8 13. Nxc6 dxc6 14. Qe2 Bb7 15. a4 b4 16. Ne4 c5 17. a5 Bd5 18. Nd2 Qc6 19. Nc4 Nc7 20. f5 Bxf3 21. Rxf3 exf5 22. Rxf5 Qe6 23. Raf1 Nb5 24. Nb6 Ra7 25. Qf2 Nd4 26. Rxf7 Qxe5 27. Nc4 Qe6 28. b3 Rad7 29. Qg3 Bf8 30. R7f2 Re8 31. Qf4 h6 32. Qg3 Nxc2 33. Rxc2 Rd3 34. Qf2 Qd5 35. Rb2 Qe4 36. Bxc5 1-0

[Event "Geraardsbergen op 28th"]
[Site "Geraardsbergen"]
[Date "2012.08.12"]
[Round "4"]
[White "Goormachtigh, Johan"]
[Black "Passchyn, Maarten"]
[Result "1-0"]
[WhiteElo "2201"]
[BlackElo "1999"]
[PlyCount "51"]
[EventDate "2012.08.11"]
[EventType "swiss"]
[EventRounds "9"]
[EventCountry "BEL"]
[SourceTitle "EXT 2013"]
[Source "ChessBase"]
[SourceDate "2012.11.22"]
[SourceVersion "1"]
[SourceVersionDate "2012.11.22"]
[SourceQuality "1"]

1. d4 Nf6 2. c4 e6 3. Nf3 d5 4. Nc3 Be7 5. Bf4 0-0 6. e3 c6 7. h3 Nbd7 8. Qc2 Re8 9. Rd1 Nf8 10. Ne5 dxc4 11. Bxc4 Nd5 12. 0-0 Bd6 13. Bg3 f6 14. e4 Nb6 15. Bb3 Qc7 16. Ng4 Bxg3 17. fxg3 Qxg3 18. e5 fxe5 19. Qf5 Bd7 20. Qg5 Kh8 21. Ne4 h6 22. Qh5 Qf4 23. Rxf4 exf4 24. Ne5 Re7 25. Nd6 Nd5 26. Qh4 1-0

[Event "Calvia Amateur op 8th"]
[Site "Calvia"]
[Date "2011.10.08"]
[Round "1"]
[White "Passchyn, Maarten"]
[Black "Sanchez Jerez, Emilio Miguel"]
[Result "0-1"]
[WhiteElo "1914"]
[BlackElo "2275"]
[PlyCount "78"]
[EventDate "2011.10.08"]
[EventType "swiss"]
[EventRounds "9"]
[EventCountry "ESP"]
[SourceTitle "CBM 144 Extra"]
[Source "ChessBase"]
[SourceDate "2011.10.28"]
[SourceVersion "1"]
[SourceVersionDate "2011.10.28"]
[SourceQuality "1"]

1. d4 d6 2. c4 Nf6 3. Nc3 g6 4. e4 Bg7 5. f3 0-0 6. Be3 Nc6 7. Qd2 a6 8. Bd3 e5 9. d5 Nd4 10. Nge2 Nh5 11. 0-0 c5 12. g4 Nf6 13. Ng3 Rb8 14. Rab1 Kh8 15. b4 cxb4 16. Rxb4 Ng8 17. Nce2 Ne7 18. Nxd4 exd4 19. Bh6 Bxh6 20. Qxh6 Bd7 21. Rfb1 Ng8 22. Qf4 Qc7 23. Rb6 f5 24. Qxd6 Qxd6 25. Rxd6 fxe4 26. Bxe4 Ba4 27. Rdb6 Rbc8 28. Rc1 Nf6 29. Rxb7 Nxe4 30. fxe4 d3 31. Rb2 Rc5 32. Rd2 Bc2 33. d6 Rd8 34. Re1 Rxd6 35. Kf2 Rxc4 36. Ke3 Kg7 37. Rf2 Ra4 38. Ra1 Ra3 39. e5 d2+ 0-1